Integrovaný interaktivní reporting ve společnosti Mitas a.s.

Základné informácie o spoločnosti Mitas a.s. Organizačné začlenenie a úlohy kontrolingu. Kompetencie a zodpovednosti útvaru kontrolingu. Manažment summary. Analýza projektu a jeho cieľ.

Salvato in:
Dettagli Bibliografici
Autore principale: Sicha, Rostislav
Altri autori: Dušanék, Vladimír
Natura: Capitolo di libro
Lingua:ceco
Soggetti:
Tags: Aggiungi Tag
Nessun Tag, puoi essere il primo ad aggiungerne!!

MARC

LEADER 00000naa$a2200000$$$4500
001 0074841
005 20230509080459.9
041 0 |a cze 
044 |a CZ 
245 1 0 |a Integrovaný interaktivní reporting ve společnosti Mitas a.s.  |c Rostislav Sicha, Vladimír Dušanék 
520 |a Základné informácie o spoločnosti Mitas a.s. Organizačné začlenenie a úlohy kontrolingu. Kompetencie a zodpovednosti útvaru kontrolingu. Manažment summary. Analýza projektu a jeho cieľ. 
610 2 0 |a spoločnosti 
610 2 0 |a kontroling 
610 2 0 |a systémy informačné 
610 2 0 |a reporting 
100 1 |a Sicha, Rostislav 
700 1 |a Dušanék, Vladimír